Hà Nội Điện Biên Phủ trên không

Gespeichert in:
Bibliographische Detailangaben
1. Verfasser: Trần, Nhẫn
Format: Buch
Sprache:Undetermined
Veröffentlicht: Hà Nội Quân đội Nhân dân 2004
Schlagworte:
Tags: Tag hinzufügen
Keine Tags, Fügen Sie den ersten Tag hinzu!
Thư viện lưu trữ: Trung tâm Học liệu Trường Đại học Cần Thơ
LEADER 00603nam a2200217Ia 4500
001 CTU_74068
008 210402s9999 xx 000 0 und d
020 |b 18000 
082 |a 895.922803 
082 |b Nh105 
100 |a Trần, Nhẫn 
245 0 |a Hà Nội Điện Biên Phủ trên không 
245 0 |c Trần Nhẫn 
260 |a Hà Nội 
260 |b Quân đội Nhân dân 
260 |c 2004 
650 |a Vietnamese literature 
650 |x Reminiscences 
650 |y 1954-1975 
904 |i Năm 
980 |a Trung tâm Học liệu Trường Đại học Cần Thơ